[Event "Madurai Athens of the East op-B U1600"]
[Site "Madurai"]
[Date "2023.12.28"]
[Round "6"]
[White "Shashveen, AK."]
[Black "Siddhesh, BU."]
[Result "1-0"]
[WhiteElo "1500"]
[BlackElo "1579"]
[PlyCount "100"]
[EventDate "2023.12.27"]
[EventType "swiss"]
[EventRounds "9"]
[EventCountry "IND"]
[SourceTitle "CB02_2024"]
[SourceDate "2024.01.10"]
[SourceVersion "1"]
[SourceVersionDate "2024.01.10"]
[SourceQuality "1"]

1. d4 Nf6 2. c4 g6 3. Nc3 d5 4. cxd5 Nxd5 5. e4 Nxc3 6. bxc3 Bg7 7. Nf3 c5 8. Bb5+ Nc6 9. 0-0 Qa5 10. Bxc6+ bxc6 11. Qc2 Ba6 12. Rd1 0-0 13. Be3 Rfd8 14. Ne5 Rac8 15. f4 Qb5 16. Rd2 e6 17. a4 Qb8 18. Rad1 Rd6 19. dxc5 Rxd2 20. Qxd2 Bxe5 21. fxe5 h5 22. Qd6 Qb3 23. Bg5 Kg7 24. h3 Qxa4 25. Rd2 Qa1+ 26. Kh2 Qf1 27. Qe7 Bd3 28. Qd7 Rb8 29. Qxd3 Qxd3 30. Rxd3 a5 31. Rd8 Rxd8 32. Bxd8 a4 33. Bg5 a3 34. Bc1 f5 35. Bxa3 fxe4 36. Bc1 g5 37. Bxg5 Kg6 38. h4 Kf5 39. Kg3 Kxe5 40. Be3 Kf5 41. c4 Ke5 42. Kh3 Kf5 43. g3 e5 44. g4+ hxg4+ 45. Kg3 Kf6 46. Kxg4 Kg6 47. h5+ Kh7 48. Kg5 Kg7 49. h6+ Kg8 50. Kg6 Kh8 1-0

[Event "Madurai Athens of the East op-B U1600"]
[Site "Madurai"]
[Date "2023.12.27"]
[Round "2"]
[White "Antony, Simethy"]
[Black "Siddhesh, BU."]
[Result "0-1"]
[WhiteElo "1246"]
[BlackElo "1579"]
[PlyCount "64"]
[EventDate "2023.12.27"]
[EventType "swiss"]
[EventRounds "9"]
[EventCountry "IND"]
[SourceTitle "CB02_2024"]
[SourceDate "2024.01.10"]
[SourceVersion "1"]
[SourceVersionDate "2024.01.10"]
[SourceQuality "1"]

1. d4 Nf6 2. c4 g6 3. g3 c6 4. Bg2 d5 5. Nf3 Bg7 6. Nc3 0-0 7. e3 dxc4 8. Ne5 Be6 9. Qe2 Nbd7 10. Nxc4 Nb6 11. b3 Nfd5 12. Nxd5 Bxd5 13. 0-0 Bxg2 14. Kxg2 Qd5+ 15. Kg1 c5 16. Bb2 cxd4 17. Rfd1 e5 18. Nxb6 axb6 19. exd4 exd4 20. Rd3 Rfd8 21. Qd2 Rd7 22. a3 Rad8 23. Rd1 Qh5 24. Qf4 Qc5 25. Rc1 Qd5 26. Rc4 Re7 27. Rc1 Re2 28. Bc3 Rde8 29. Bb4 Bh6 30. Qxh6 Qf5 31. Rcd1 Qxf2+ 32. Kh1 Qg2# 0-1

[Event "Madurai Athens of the East op-C U1700"]
[Site "Madurai"]
[Date "2023.12.25"]
[Round "4"]
[White "Siddhesh, BU."]
[Black "Shanmathi Sree, S."]
[Result "0-1"]
[WhiteElo "1579"]
[BlackElo "1420"]
[PlyCount "72"]
[EventDate "2023.12.24"]
[EventType "swiss"]
[EventRounds "9"]
[EventCountry "IND"]
[SourceTitle "CB06_2024"]
[SourceDate "2024.02.07"]
[SourceVersion "1"]
[SourceVersionDate "2024.02.07"]
[SourceQuality "1"]

1. e4 c5 2. Nf3 d6 3. d4 cxd4 4. Nxd4 Nf6 5. Nc3 a6 6. Bg5 e6 7. f4 h6 8. Bh4 Qb6 9. Qd2 Nc6 10. Nf3 Qxb2 11. Rb1 Qa3 12. Be2 Be7 13. Rb3 Qa5 14. h3 0-0 15. 0-0 Qc7 16. a4 Na5 17. Rbb1 Bd7 18. e5 dxe5 19. fxe5 Bc5+ 20. Kh2 Nh7 21. Ne4 Bc6 22. Bd3 Bxe4 23. Bxe4 f5 24. Bd3 Nc6 25. Qc3 Nxe5 26. Kh1 Nxf3 27. Rxf3 Nf6 28. Qc4 Qc6 29. Bxf5 Nd5 30. Rd1 Kh8 31. Bxe6 Ne3 32. Rxe3 Bxe3 33. Qb3 Qb6 34. Qc4 Rf4 35. Qd5 Rxh4 36. Qe5 Re8 0-1

[Event "Eastern Asia-ch U14"]
[Site "Tornelo INT"]
[Date "2021.10.31"]
[Round "7"]
[White "Dang, Anh Minh"]
[Black "Siddhesh, BU."]
[Result "1/2-1/2"]
[WhiteElo "1765"]
[BlackElo "1306"]
[PlyCount "126"]
[EventDate "2021.10.29"]
[EventType "swiss"]
[EventRounds "9"]
[EventCountry "NET"]
[SourceTitle "EXT 2023"]
[Source "ChessBase"]
[SourceDate "2022.10.05"]
[SourceVersion "1"]
[SourceVersionDate "2022.10.05"]
[SourceQuality "1"]

1. d4 Nf6 2. c4 g6 3. Nc3 d5 4. Bg5 Ne4 5. Bh4 Nxc3 6. bxc3 Bg7 7. e3 0-0 8. Nf3 c5 9. cxd5 Qxd5 10. Bxe7 Re8 11. Bxc5 Bg4 12. Be2 Nd7 13. Ba3 Rac8 14. Qd2 Nb6 15. h3 Bf5 16. 0-0 Nc4 17. Qc1 a5 18. Bc5 Rc6 19. Bxc4 Qxc4 20. Qb2 Qd5 21. Nd2 Bd3 22. Rfe1 b6 23. Ba3 Bh6 24. Rac1 Kg7 25. c4 Bxc4 26. Nxc4 Rxc4 27. Rxc4 Qxc4 28. Qxb6 Qc3 29. Rc1 Qxa3 30. Rc5 Bxe3 31. fxe3 Qxe3+ 32. Kh1 Qd2 33. Re5 Qc1+ 34. Kh2 Rxe5 35. dxe5 Qf4+ 36. Kg1 Qxe5 37. Qb3 Qd4+ 38. Kh2 h5 39. a4 Qe5+ 40. Kg1 Qc5+ 41. Kh1 Qb4 42. Qc2 g5 43. Qd1 g4 44. hxg4 hxg4 45. g3 Qe4+ 46. Kg1 Kg6 47. Kf2 f6 48. Kg1 Kf5 49. Qd7+ Kg6 50. Qd1 Kh5 51. Kf2 f5 52. Qb3 Qd4+ 53. Kf1 Qd7 54. Kf2 Qd2+ 55. Kf1 Qc1+ 56. Ke2 Qc7 57. Kf2 Qd7 58. Ke2 Qe7+ 59. Kf1 Kg5 60. Qg8+ Kf6 61. Qb3 Kg5 62. Qg8+ Kf6 63. Qb3 Kg5 1/2-1/2

[Event "Eastern Asia-ch U14"]
[Site "Tornelo INT"]
[Date "2021.10.31"]
[Round "8"]
[White "Siddhesh, BU."]
[Black "Vrashank, Chouhan"]
[Result "1-0"]
[WhiteElo "1306"]
[BlackElo "1536"]
[PlyCount "67"]
[EventDate "2021.10.29"]
[EventType "swiss"]
[EventRounds "9"]
[EventCountry "NET"]
[SourceTitle "EXT 2023"]
[Source "ChessBase"]
[SourceDate "2022.10.05"]
[SourceVersion "1"]
[SourceVersionDate "2022.10.05"]
[SourceQuality "1"]

1. e4 e6 2. d4 d5 3. e5 c5 4. c3 Nc6 5. Nf3 Qb6 6. Bd3 cxd4 7. cxd4 Bd7 8. 0-0 Nxd4 9. Nxd4 Qxd4 10. Nc3 a6 11. Qe2 Rc8 12. Rd1 Qb6 13. a3 Bc5 14. Bg5 h6 15. Bh4 Ne7 16. Rac1 Ng6 17. Bxg6 fxg6 18. b4 Be7 19. Bxe7 Kxe7 20. Qg4 g5 21. h4 Rc4 22. Qg3 Qc6 23. hxg5 h5 24. g6 Rg4 25. Qh3 Qb6 26. Rxd5 Bc6 27. Rd6 Rf8 28. Nd1 Qa7 29. Rcxc6 bxc6 30. Qxh5 Rff4 31. Qh7 Ke8 32. Qg8+ Ke7 33. Qxe6+ Kf8 34. Rd8# 1-0

[Event "Eastern Asia-ch U14"]
[Site "Tornelo INT"]
[Date "2021.10.29"]
[Round "3"]
[White "Arado, Fletch Archer"]
[Black "Siddhesh, BU."]
[Result "1-0"]
[WhiteElo "1691"]
[BlackElo "1306"]
[PlyCount "93"]
[EventDate "2021.10.29"]
[EventType "swiss"]
[EventRounds "9"]
[EventCountry "NET"]
[SourceTitle "EXT 2023"]
[Source "ChessBase"]
[SourceDate "2022.10.05"]
[SourceVersion "1"]
[SourceVersionDate "2022.10.05"]
[SourceQuality "1"]

1. e4 c6 2. d4 d5 3. e5 c5 4. dxc5 e6 5. a3 Bxc5 6. Qg4 Bf8 7. Nf3 Ne7 8. Bd3 Nbc6 9. 0-0 Ng6 10. Re1 Be7 11. b4 a6 12. Bb2 0-0 13. Nbd2 f5 14. exf6 Bxf6 15. Bxf6 Rxf6 16. Qh5 Nf8 17. c4 Qd6 18. cxd5 exd5 19. Re8 h6 20. Rae1 Rb8 21. Nb3 Be6 22. Rxb8 Nxb8 23. Nc5 Bf7 24. Qe5 Qxe5 25. Nxe5 b5 26. Bb1 Nc6 27. Nxf7 Kxf7 28. Ba2 Ne7 29. Rd1 Rd6 30. Nb7 Rc6 31. Nd8+ Ke8 32. Nxc6 Nxc6 33. Bxd5 Nd8 34. Rc1 Nd7 35. Rc7 Nb6 36. Bb7 Nc4 37. Bxa6 Nxa3 38. Rc3 Nb1 39. Bxb5+ Ke7 40. Rc1 Nd2 41. Rc7+ Ke6 42. Rxg7 Ne4 43. Bf1 Nc6 44. Rg6+ Kd5 45. Bc4+ Kxc4 46. Rxc6+ Kxb4 47. Rxh6 1-0